O seversko-nemeckých literárnych vzťahoch

Bibliographic Details
Main Author: Žitný, Milan, 1948-2019 (Author)
Format: Article
Language:Slovak
Subjects:

MARC

LEADER 00000nab a2200000 a 4500
001 vtls000678553
003 SK-MaSNL
005 20260302190036.0
008 160314c1998 xo 0 slo
015 |a SNBRB1998/11-30670 
035 |a CLN000030722 
040 |a SNKBUCL  |b slo  |c SNKBUCL  |e AACR2 
041 0 |a slo 
044 |a xo  |c SK 
080 |a 82.091:830-1:839.7-1(048)  |2 UDC-MRF-SK2 
080 |a 830.091:839.7(048)  |2 UDC-MRF-SK2 
080 |a 839.7.091:830(048)  |2 UDC-MRF-SK2 
100 1 |a Žitný, Milan,  |d 1948-2019  |4 aut  |9 184001 
245 1 0 |a O seversko-nemeckých literárnych vzťahoch  |c Milan Žitný 
650 0 7 |a švédska literatúra  |2 snkbucl  |9 1212 
650 0 7 |a nemecká literatúra  |2 snkbucl  |9 1195 
650 0 7 |a nemecká poézia  |2 SNK  |9 1197 
650 0 7 |a švédska poézia  |2 SNK  |9 1214 
650 0 7 |a štúdie porovnávacie  |2 SNK  |9 903541 
655 7 |a recenzie  |2 SNKPH  |9 21907 
773 0 |x 1210-1982  |t Knižná revue  |g Roč. 8, č. 22 (1998), s. 5 
787 0 8 |i Rec.:  |a Gáborová, Margita  |t Ikonickosť poézie Edith Södergranovej a Else Laskerovej-Schülerovej z medziliterárneho aspektu  |d Bratislava : Univerzita Komenského, 1998 
850 |a Slovenská národná knižnica v Martine 
852 |a SNK  |b KIS3GCP 
958 |a SK 
958 |a LX 
958 |a DE 
958 |a SE 
958 |a RBX 
999 |c 1431908  |d 1433838